000
00289nam a22001337a 4500
020
_a
63985456
041
_a
ENG
100
_a
Uppal .M.M
245
_a
A Text Book OF Engineering Chemistry
260
_a
Delji
_b
Raheel Naseem
_c
1998
300
_a
65
650
_a
Chemistry
856
_u
EOES
999
_c
243
_d
243